01167nam a2200289Ia 4500001001200000003000800012006001900020007001500039008004100054020001500095040002100110035002000131050002900151245012600180260005400306300001300360533015200373610002100525610005000546650003400596650003500630655002900665700002300694710001700717856012600734999001700860ebr10053632CaPaEBRm u cr cn|||||||||040625s2004 enk gs 000 0 eng d z1841508993 aCaPaEBRcCaPaEBR a(OCoLC)5511268714aPN2605.E352bG385 2004eb00aJourney's beginningh[electronic resource] :bthe Gateway Theatre building and Company, 1884-1965 /cedited by Ian Brown. aBristol, UK ;aPortland, OR :bIntellect,cc2004. av, 82 p. aElectronic reproduction.bPalo Alto, Calif. :cebrary,d2005.nAvailable via World Wide Web.nAccess may be limited to ebrary affiliated libraries.20aGateway Theatre.20aGateway Theatre Company (Edinburgh, Scotland) 0aTheaterzScotlandzEdinburgh. 0aTheaterszScotlandzEdinburgh. 7aElectronic books.2local1 aBrown, Ian,d1951-2 aebrary, Inc.40uhttp://site.ebrary.com/lib/rucke/Doc?id=10053632zAn electronic book accessible through the World Wide Web; click to view c64478d64478